Trade law = Luật thương mại (Sách song ngữ)

Luật thương mại gồm 264 điều được Quốc hội nước CHXHCN Việt Nam khoá 9 thông qua ngày 10 tháng 5 năm 1997

Đã lưu trong:
书目详细资料
格式: 图书
语言:Undetermined
出版: Hà Nội Thế giới 1997
主题:
标签: 添加标签
没有标签, 成为第一个标记此记录!
Thư viện lưu trữ: Trung tâm Học liệu Trường Đại học Cần Thơ
LEADER 00672nam a2200193Ia 4500
001 CTU_37746
008 210402s9999 xx 000 0 und d
020 |c 100000 
082 |a 346.047 
082 |b T763 
245 0 |a Trade law = 
245 0 |b Luật thương mại (Sách song ngữ) 
260 |a Hà Nội 
260 |b Thế giới 
260 |c 1997 
520 |a Luật thương mại gồm 264 điều được Quốc hội nước CHXHCN Việt Nam khoá 9 thông qua ngày 10 tháng 5 năm 1997 
650 |a Trade law 
904 |i Nguyễn Quang Điền 
980 |a Trung tâm Học liệu Trường Đại học Cần Thơ